| 000 | 00810nam a22002657a 4500 | ||
|---|---|---|---|
| 003 | OSt | ||
| 005 | 20250411113234.0 | ||
| 008 | 201030s2006 ck ||||er|||| 00| f spa d | ||
| 020 | _a9789504915263 | ||
| 040 |
_aCO-JMCR _cCO-JMCR |
||
| 041 | 1 |
_aspa _hpor |
|
| 082 | 0 | 4 |
_aA-N _bCOEb _223 |
| 100 | 1 |
_aCoelho, Paulo, _eautor _912283 |
|
| 245 | 1 | 3 |
_aLa bruja de Portobello / _cPaulo Coelho ; traducción de Ana Belén Costa |
| 250 | _a1a.edición | ||
| 260 |
_aBogotá : _bPlaneta, _c2006 |
||
| 300 |
_a291 páginas ; _c20 cm. |
||
| 500 | _aTítulo original : A bruxa de Portobello. | ||
| 546 | _aTraducido del portugués | ||
| 650 | 1 | 4 |
_aNovela brasileña _97535 |
| 650 | 1 | 4 |
_aMagia _vnovela _912284 |
| 650 | 1 | 4 |
_aBrujas _vnovela _912285 |
| 700 | 1 |
_aCosta, Ana Belén, _etraductor _912286 |
|
| 942 |
_2ddc _cBK |
||
| 999 |
_c7000 _d7000 |
||